Personnages de Twin Peaks par images - Statistiques

Statistiques générales
  • Ce quiz a été pris 106 fois
  • Le résultat moyen est 14 sur 18
Statistiques - réponses
Par images Hint Réponse % Correct
Kyle MacLachlan Dale Cooper
100%
Sheryl Lee Laura Palmer / Madeleine Ferguson
95%
James Marshall James Hurley
92%
Eric Da Re Leo Johnson
89%
Dana Ashbrook Bobby Briggs
88%
Lara Flynn Boyle Donna Hayward
87%
Sherilyn Fenn Audrey Horne
86%
Michael Ontkean Harry S. Truman
86%
Ray Wise Leland Palmer
84%
Kimmy Robertson Lucy Moran
77%
Mädchen Amick Shelly Johnson
77%
Peggy Lipton Norma Jennings
75%
Richard Beymer Benjamin Horne
73%
Everett McGill Ed Hurley
73%
Harry Goaz Andy Brennan
65%
Joan Chen Jocelyn Packard
65%
David Lynch Gordon Cole
64%
Jack Nance Pete Martell
54%
Aucun quiz correspondant
Distribution des résultats
% des personnes avec chaque résultat
Percentile par nombre de réponses
Votre historique - résultats
Vous n’avez pas pris ce quiz